h1

h2

h3

h4

h5
h6
001003506 001__ 1003506
001003506 005__ 20260304081131.0
001003506 037__ $$aRWTH-2025-01082
001003506 041__ $$aGerman
001003506 1001_ $$0P:(DE-82)IDM05275$$avon Wittenhorst Zu Sonsfeld, Lisa$$b0$$eCorresponding author$$urwth
001003506 1112_ $$aFacility Management Konferenz Spotlight FMplus 2025 – Wissenschaft und Praxis im Dialog: Next Generation FM – How FM adds value$$cZürich$$d2025-01-30 - 2025-01-31$$wSwitzerland
001003506 245__ $$aFaktor Mensch: Herausforderungen und Lösungsansätze für die Implementierung und den energieeffizienten Betrieb technischer Anlagen
001003506 260__ $$c2025
001003506 3367_ $$033$$2EndNote$$aConference Paper
001003506 3367_ $$0PUB:(DE-HGF)6$$2PUB:(DE-HGF)$$aConference Presentation$$bconf$$mconf$$s1748957830_1676660$$xAfter Call
001003506 3367_ $$2BibTeX$$aINPROCEEDINGS
001003506 3367_ $$2DRIVER$$aconferenceObject
001003506 3367_ $$2DataCite$$aOther
001003506 3367_ $$2ORCID$$aLECTURE_SPEECH
001003506 536__ $$0G:(BMWK)03EWR010$$aBMWK 03EWR010 - Reallabor SmartQuart (03EWR010)$$c03EWR010$$x0
001003506 653_7 $$aEnergieeffizienz
001003506 653_7 $$aErneuerbare Energien
001003506 653_7 $$aGebäudebetrieb
001003506 653_7 $$aSmartQuart
001003506 653_7 $$aSoziale Hemmnisse
001003506 653_7 $$aTechnologische Innovationen
001003506 7001_ $$0P:(DE-82)IDM02589$$aBeusker, Elisabeth$$b1$$urwth
001003506 7870_ $$0RWTH-2025-01084$$iRelatedTo
001003506 9101_ $$0I:(DE-588b)36225-6$$6P:(DE-82)IDM05275$$aRWTH Aachen$$b0$$kRWTH
001003506 9101_ $$0I:(DE-588b)36225-6$$6P:(DE-82)IDM02589$$aRWTH Aachen$$b1$$kRWTH
001003506 9141_ $$y2025
001003506 961__ $$c2025-06-03T15:37:21.261613$$x2025-02-01T17:39:29.920097$$z2025-02-03
001003506 9801_ $$aPublicReference
001003506 980__ $$aI:(DE-82)214220_20140620
001003506 980__ $$aUNRESTRICTED
001003506 980__ $$aUSER
001003506 980__ $$aconf